<?xml version="1.0" encoding="UTF-8"?>
<record
    xmlns:xsi="http://www.w3.org/2001/XMLSchema-instance"
    xsi:schemaLocation="http://www.loc.gov/MARC21/slim http://www.loc.gov/standards/marcxml/schema/MARC21slim.xsd"
    xmlns="http://www.loc.gov/MARC21/slim">

  <leader>01766nam a2200253 a 4500</leader>
  <controlfield tag="001">000000733</controlfield>
  <controlfield tag="005">20240412074158.0</controlfield>
  <controlfield tag="008">090429s2008    dr      r     000 j spa d</controlfield>
  <datafield tag="020" ind1=" " ind2=" ">
    <subfield code="z">9945160516</subfield>
  </datafield>
  <datafield tag="020" ind1=" " ind2=" ">
    <subfield code="z">9789945160512</subfield>
  </datafield>
  <datafield tag="040" ind1=" " ind2=" ">
    <subfield code="a">DO-SdBNP</subfield>
    <subfield code="b">spa</subfield>
    <subfield code="c">BNPHU</subfield>
  </datafield>
  <datafield tag="082" ind1=" " ind2=" ">
    <subfield code="a">RD863.44</subfield>
    <subfield code="b">J58ca, 2008</subfield>
  </datafield>
  <datafield tag="100" ind1="1" ind2=" ">
    <subfield code="a">Jes&#xFA;s Ulerio, Luis Felipe de,</subfield>
    <subfield code="d">1970 -</subfield>
    <subfield code="9">1334</subfield>
  </datafield>
  <datafield tag="245" ind1="1" ind2="0">
    <subfield code="a">Catalepsia :</subfield>
    <subfield code="b">cuentos de muertos contados por vivos /</subfield>
    <subfield code="c">Luis Felipe de Jes&#xFA;s Ulerio.</subfield>
  </datafield>
  <datafield tag="250" ind1=" " ind2=" ">
    <subfield code="a">4a ed.</subfield>
  </datafield>
  <datafield tag="260" ind1=" " ind2=" ">
    <subfield code="a">Santo Domingo :</subfield>
    <subfield code="b">B&#xFA;ho,</subfield>
    <subfield code="c">2008.</subfield>
  </datafield>
  <datafield tag="300" ind1=" " ind2=" ">
    <subfield code="a">136 p. ;</subfield>
    <subfield code="c">22 cm.</subfield>
  </datafield>
  <datafield tag="500" ind1=" " ind2=" ">
    <subfield code="a">Incluye biograf&#xED;a</subfield>
  </datafield>
  <datafield tag="505" ind1="0" ind2=" ">
    <subfield code="t">Exequias --</subfield>
    <subfield code="t">El cocuyo --</subfield>
    <subfield code="g">Reflexi&#xF3;n I.</subfield>
    <subfield code="t">La muerte --</subfield>
    <subfield code="t">El bar&#xF3;n del cementerio --</subfield>
    <subfield code="g">Reflexi&#xF3;n II.</subfield>
    <subfield code="t">El ser humano, un ser solitario --</subfield>
    <subfield code="t">La bruja --</subfield>
    <subfield code="g">Reflexi&#xF3;n III.</subfield>
    <subfield code="t">La esperanza de la vida --</subfield>
    <subfield code="t">El bac&#xE1; --</subfield>
    <subfield code="t">Reflexi&#xF3;n IV.</subfield>
    <subfield code="t">&#xBF;Hay algo peor que la muerte? --</subfield>
    <subfield code="t">Un pacto con el diablo --</subfield>
    <subfield code="g">Reflexi&#xF3;n V.</subfield>
    <subfield code="t">El temor a la muerte --</subfield>
    <subfield code="t">El taxista --</subfield>
    <subfield code="t">Reflexi&#xF3;n VI.</subfield>
    <subfield code="t">Las cosas peque&#xF1;as --.</subfield>
    <subfield code="t">Instantes --</subfield>
    <subfield code="t">La reina de las am&#xE9;ricas --</subfield>
    <subfield code="g">Reflexi&#xF3;n VII.</subfield>
    <subfield code="t">En vida., hermano, en vida --</subfield>
    <subfield code="t">El cocolo --</subfield>
    <subfield code="g">Reflexi&#xF3;n VIII.</subfield>
    <subfield code="t">La angustia existencial --</subfield>
    <subfield code="t">En paz --</subfield>
    <subfield code="t">No estaba muerto --</subfield>
    <subfield code="g">Reflexi&#xF3;n IX.</subfield>
    <subfield code="t">La vida, algo muy valioso que salvar --</subfield>
    <subfield code="t">El abrigo en la tumba --</subfield>
    <subfield code="g">Reflexi&#xF3;n X.</subfield>
    <subfield code="t">La vida es breve --</subfield>
    <subfield code="t">Volviendo a la vida --</subfield>
    <subfield code="t">Reflexi&#xF3;n XI.</subfield>
    <subfield code="t">La vida es un sue&#xF1;o --</subfield>
    <subfield code="t">Los tres esp&#xED;ritus--</subfield>
    <subfield code="g">Reflexi&#xF3;n XII.</subfield>
    <subfield code="t">El tunel de la muerte --</subfield>
    <subfield code="t">El baquin&#xED; --</subfield>
    <subfield code="t">Reflexi&#xF3;n XIII.</subfield>
    <subfield code="t">Catalepsia: Un mensaje del resucitado --</subfield>
    <subfield code="t">El resucitado --</subfield>
    <subfield code="t">La "Resurrecci&#xF3;n" de Don Andr&#xE9;s --</subfield>
    <subfield code="t">Ep&#xED;logo --</subfield>
    <subfield code="t">La muerte de Don Andr&#xE9;s.</subfield>
  </datafield>
  <datafield tag="590" ind1=" " ind2=" ">
    <subfield code="a">Inventariado, 2020/BT</subfield>
  </datafield>
  <datafield tag="650" ind1=" " ind2="0">
    <subfield code="a">Cuentos dominicanos</subfield>
    <subfield code="9">176</subfield>
  </datafield>
  <datafield tag="650" ind1=" " ind2="0">
    <subfield code="a">Literatura dominicana.</subfield>
    <subfield code="9">67</subfield>
  </datafield>
  <datafield tag="910" ind1=" " ind2=" ">
    <subfield code="a">Validado. Control de calidad. MMOLINA</subfield>
  </datafield>
  <datafield tag="952" ind1=" " ind2=" ">
    <subfield code="0">0</subfield>
    <subfield code="1">0</subfield>
    <subfield code="5">4</subfield>
    <subfield code="7">5</subfield>
    <subfield code="8">DS</subfield>
    <subfield code="a">BNPHU</subfield>
    <subfield code="b">BNPHU</subfield>
    <subfield code="c">HD</subfield>
    <subfield code="d">2009-08-25</subfield>
    <subfield code="i">LF1</subfield>
    <subfield code="l">0</subfield>
    <subfield code="o">RD863.44 J58c</subfield>
    <subfield code="p">733-30</subfield>
    <subfield code="r">2020-06-25</subfield>
    <subfield code="t">e.3</subfield>
    <subfield code="w">2020-06-25</subfield>
    <subfield code="y">LF1</subfield>
    <subfield code="Z">Pr&#xE9;stamo en sala</subfield>
  </datafield>
  <datafield tag="952" ind1=" " ind2=" ">
    <subfield code="0">0</subfield>
    <subfield code="1">0</subfield>
    <subfield code="5">4</subfield>
    <subfield code="7">5</subfield>
    <subfield code="8">DS</subfield>
    <subfield code="a">BNPHU</subfield>
    <subfield code="b">BNPHU</subfield>
    <subfield code="c">HD</subfield>
    <subfield code="d">2013-10-18</subfield>
    <subfield code="i">LF1</subfield>
    <subfield code="l">0</subfield>
    <subfield code="o">RD863.44 J58c</subfield>
    <subfield code="p">733-40</subfield>
    <subfield code="r">2020-06-25</subfield>
    <subfield code="t">e.4</subfield>
    <subfield code="w">2020-06-25</subfield>
    <subfield code="y">LF1</subfield>
    <subfield code="Z">Pr&#xE9;stamo en sala</subfield>
  </datafield>
  <datafield tag="952" ind1=" " ind2=" ">
    <subfield code="0">0</subfield>
    <subfield code="1">0</subfield>
    <subfield code="7">2</subfield>
    <subfield code="8">PD</subfield>
    <subfield code="a">BNPHU</subfield>
    <subfield code="b">BNPHU</subfield>
    <subfield code="c">HD</subfield>
    <subfield code="d">2009-08-25</subfield>
    <subfield code="i">LF1</subfield>
    <subfield code="l">0</subfield>
    <subfield code="o">RD863.44 J58c</subfield>
    <subfield code="p">733-10</subfield>
    <subfield code="r">2020-06-25</subfield>
    <subfield code="w">2020-06-25</subfield>
    <subfield code="y">LF1</subfield>
    <subfield code="Z">No se presta</subfield>
  </datafield>
  <datafield tag="952" ind1=" " ind2=" ">
    <subfield code="0">0</subfield>
    <subfield code="1">0</subfield>
    <subfield code="7">2</subfield>
    <subfield code="8">PD</subfield>
    <subfield code="a">BNPHU</subfield>
    <subfield code="b">BNPHU</subfield>
    <subfield code="c">HD</subfield>
    <subfield code="d">2009-08-25</subfield>
    <subfield code="i">LF1</subfield>
    <subfield code="l">0</subfield>
    <subfield code="o">RD863.44 J58c</subfield>
    <subfield code="p">733-20</subfield>
    <subfield code="r">2020-06-25</subfield>
    <subfield code="t">e.2</subfield>
    <subfield code="w">2020-06-25</subfield>
    <subfield code="y">LF1</subfield>
    <subfield code="Z">No se presta</subfield>
  </datafield>
  <datafield tag="999" ind1=" " ind2=" ">
    <subfield code="c">729</subfield>
    <subfield code="d">729</subfield>
  </datafield>
</record>
